[Event "II Torneo Internazionale"]
[Site "Madonna di Campiglio - Pinzolo ITA"]
[Date "1974.01.08"]
[Round "1"]
[White "Micheli, Carlo"]
[Black "Janosevic, Dragoljub"]
[Result "0-1"]
[WhiteElo "2315"]
[BlackElo "2415"]
[PlyCount "82"]
[EventDate "1974.01.08"]

1. e4 c5 2. Nf3 Nc6 3. d4 cxd4 4. Nxd4 Qc7 5. Nc3 e6 6. g3 a6 7. Bg2 Nf6 8. O-O
Be7 9. Re1 Nxd4 10. Qxd4 e5 11. Qd3 h6 12. a4 b6 13. h3 Bb7 14. Be3 O-O 15. g4
Rfe8 16. Rad1 Bb4 17. Bd2 Rac8 18. Qg3 d6 19. h4 Nd7 20. g5 hxg5 21. hxg5 Bxc3
22. Bxc3 Nf8 23. Re3 Ng6 24. Rd2 Rcd8 25. b3 Nf4 26. Bf1 Re6 27. Bc4 Rg6 28.
Kf1 Bc8 29. Qh4 Qc5 30. Bd5 Ne6 31. Bxe6 Rxe6 32. g6 Rd7 33. Qh7+ Kf8 34. Bb2
Rxg6 35. Qh8+ Ke7 36. Rc3 Rh6 37. Qxh6 gxh6 38. Rxc5 bxc5 39. f3 Rb7 40. Rh2 c4
41. Rxh6 cxb3 0-1

[Event "II Torneo Internazionale"]
[Site "Madonna di Campiglio - Pinzolo ITA"]
[Date "1974.01.08"]
[Round "1"]
[White "Paoli, Enrico"]
[Black "Marovic, Drazen"]
[Result "1-0"]
[WhiteElo "2290"]
[BlackElo "2480"]
[PlyCount "76"]
[EventDate "1974.01.08"]

1. e4 Nf6 2. Nc3 e6 3. e5 Nd5 4. Nxd5 exd5 5. Nf3 d6 6. d4 Be7 7. Bd3 Nc6 8. c3
Bg4 9. Bf4 dxe5 10. dxe5 Qd7 11. Qc2 Nd8 12. Nd4 c5 13. Nf5 Ne6 14. Bg3 Bxf5
15. Bxf5 g6 16. Bd3 Bg5 17. O-O Bf4 18. Rad1 Qc6 19. Be2 Bxg3 20. hxg3 O-O-O
21. Qd2 Qc7 22. f4 h5 23. Bf3 d4 24. c4 h4 25. gxh4 Rxh4 26. g3 Rh7 27. Kg2 Ng7
28. Rh1 Rxh1 29. Rxh1 Nf5 30. b3 Ne3+ 31. Kf2 g5 32. Rh7 gxf4 33. gxf4 Rg8 34.
Qd3 Qa5 35. a4 Rf8 36. Ke2 Qb6 37. Bd5 Nxd5 38. cxd5 Qg6 1-0

[Event "II Torneo Internazionale"]
[Site "Madonna di Campiglio - Pinzolo ITA"]
[Date "1974.01.08"]
[Round "1"]
[White "Parma, Bruno"]
[Black "Sax, Gyula"]
[Result "1/2-1/2"]
[WhiteElo "2500"]
[BlackElo "2460"]
[PlyCount "40"]
[EventDate "1974.01.08"]

1. e4 c5 2. Nf3 d6 3. d4 cxd4 4. Nxd4 Nf6 5. Nc3 a6 6. Bg5 e6 7. f4 Be7 8. Qf3
Qc7 9. O-O-O Nbd7 10. g4 b5 11. Bxf6 Nxf6 12. g5 Nd7 13. f5 Bxg5+ 14. Kb1 Ne5
15. Qh5 Qe7 16. Nxe6 Bxe6 17. fxe6 g6 18. exf7+ Nxf7 19. Qe2 O-O 20. Nd5 Qe5
1/2-1/2

[Event "II Torneo Internazionale"]
[Site "Madonna di Campiglio - Pinzolo ITA"]
[Date "1974.01.09"]
[Round "2"]
[White "Jansa, Vlastimil"]
[Black "Parma, Bruno"]
[Result "1/2-1/2"]
[WhiteElo "2475"]
[BlackElo "2500"]
[PlyCount "66"]
[EventDate "1974.01.08"]

1. e4 d6 2. d4 Nf6 3. Nc3 g6 4. f4 Bg7 5. Nf3 O-O 6. Bd3 Nc6 7. e5 dxe5 8. dxe5
Nd5 9. Bd2 Nxc3 10. Bxc3 Bf5 11. Bxf5 gxf5 12. O-O Qxd1 13. Raxd1 Rfd8 14. Nd4
Nxd4 15. Rxd4 Rxd4 16. Bxd4 Rd8 17. Bc3 e6 18. Kf2 Bf8 19. Kf3 h5 20. Ke2 Be7
21. Rf3 Kh7 22. Ba5 Rd7 23. Rd3 Rxd3 24. Kxd3 b6 25. Be1 Kg7 26. a4 Kf8 27. Kc4
c6 28. b4 Ke8 29. b5 c5 30. Kd3 Kf8 31. Ke2 Kg7 32. Kf3 Kh6 33. Kg3 h4+ 1/2-1/2

[Event "II Torneo Internazionale"]
[Site "Madonna di Campiglio - Pinzolo ITA"]
[Date "1974.01.09"]
[Round "2"]
[White "Marovic, Drazen"]
[Black "Micheli, Carlo"]
[Result "1-0"]
[WhiteElo "2480"]
[BlackElo "2315"]
[PlyCount "53"]
[EventDate "1974.01.08"]

1. d4 Nf6 2. c4 g6 3. g3 Bg7 4. Bg2 O-O 5. Nc3 d6 6. Nf3 c6 7. O-O Qa5 8. h3 e5
9. e4 exd4 10. Nxd4 Qc5 11. Nb3 Qxc4 12. Qxd6 a5 13. Bg5 Qb4 14. Rad1 Be6 15.
Nc5 Ne8 16. Qe7 Bc4 17. a3 Qb6 18. Rfe1 Ba6 19. Rd8 h6 20. Rxe8 hxg5 21. Rd1
Rxe8 22. Qxe8+ Kh7 23. N3a4 Qc7 24. Nxa6 bxa6 25. Rd8 Qa7 26. e5 Qc7 27. e6 1-0

[Event "II Torneo Internazionale"]
[Site "Madonna di Campiglio - Pinzolo ITA"]
[Date "1974.01.09"]
[Round "2"]
[White "Tatai, Stefano"]
[Black "Mednis, Edmar John"]
[Result "0-1"]
[WhiteElo "2430"]
[BlackElo "2430"]
[PlyCount "84"]
[EventDate "1974.01.08"]

1. e4 c5 2. Nf3 d6 3. d4 cxd4 4. Nxd4 Nf6 5. Nc3 Nc6 6. Bc4 e6 7. Be3 Be7 8.
Qe2 O-O 9. O-O-O a6 10. g4 Ne5 11. f3 Nxc4 12. Qxc4 b5 13. Qe2 Bb7 14. g5 Nd7
15. h4 b4 16. Nd5 exd5 17. Nf5 Bc8 18. Rxd5 Ne5 19. f4 Bxf5 20. exf5 Nd7 21. f6
Nxf6 22. gxf6 Bxf6 23. Qd2 Re8 24. Rxd6 Qa5 25. Kb1 Bxb2 26. Bd4 Bc3 27. Qg2
Bxd4 28. Rxd4 Rad8 29. Qc6 Rc8 30. Re4 Rf8 31. Qd6 Rfd8 32. Rhe1 h6 33. Qe5
Qxe5 34. fxe5 a5 35. Rg4 Rc6 36. h5 Rd2 37. c4 bxc3 38. Reg1 c2+ 39. Kc1 Rd1+
40. Rxd1 cxd1=Q+ 41. Kxd1 Rc5 42. Re4 Kf8 0-1

[Event "II Torneo Internazionale"]
[Site "Madonna di Campiglio - Pinzolo ITA"]
[Date "1974.01.10"]
[Round "3"]
[White "Janosevic, Dragoljub"]
[Black "Marovic, Drazen"]
[Result "1/2-1/2"]
[WhiteElo "2415"]
[BlackElo "2480"]
[PlyCount "32"]
[EventDate "1974.01.08"]

1. e4 c6 2. d4 d5 3. exd5 cxd5 4. c4 Nf6 5. Nc3 Nc6 6. Bg5 Qa5 7. Bxf6 exf6 8.
cxd5 Bb4 9. Qd2 Ne7 10. Bc4 Nxd5 11. Bxd5 Bxc3 12. Bxf7+ Kxf7 13. bxc3 Re8+ 14.
Ne2 b6 15. O-O Ba6 16. Rfe1 Rac8 1/2-1/2

[Event "II Torneo Internazionale"]
[Site "Madonna di Campiglio - Pinzolo ITA"]
[Date "1974.01.10"]
[Round "3"]
[White "Mednis, Edmar John"]
[Black "Toth, Bela"]
[Result "1-0"]
[WhiteElo "2430"]
[BlackElo "2390"]
[PlyCount "111"]
[EventDate "1974.01.08"]

1. e4 d6 2. d4 g6 3. Nf3 Bg7 4. c3 Nd7 5. Bc4 Nb6 6. Bb3 Nf6 7. Qe2 O-O 8. O-O
a5 9. e5 Nfd5 10. a3 a4 11. Ba2 c6 12. Qe4 Bf5 13. Qh4 Bd3 14. Re1 Bc4 15. Bxc4
Nxc4 16. Ng5 h6 17. Nf3 e6 18. Qh3 h5 19. Nbd2 Nxd2 20. Bxd2 Ne7 21. Bg5 Qc7
22. Qh4 Nf5 23. Qf4 Rae8 24. h3 dxe5 25. dxe5 f6 26. exf6 Qxf4 27. Bxf4 Bxf6
28. Re4 e5 29. Bxe5 Bxe5 30. Rxe5 Nh4 31. Nxh4 Rxe5 32. Nxg6 Re2 33. Nxf8 Kxf8
34. Rb1 Rc2 35. b3 axb3 36. Rxb3 b5 37. g4 hxg4 38. hxg4 Ke7 39. Kg2 Kd6 40. a4
bxa4 41. Ra3 c5 42. Kg3 c4 43. f4 Ke6 44. Kh4 Kf6 45. Rxa4 Rxc3 46. Ra6+ Ke7
47. Kg5 Rc1 48. f5 c3 49. Rc6 c2 50. Kg6 Rg1 51. f6+ Kd7 52. Rxc2 Rxg4+ 53. Kf7
Kd6 54. Re2 Ra4 55. Kg7 Rg4+ 56. Kf8 1-0

[Event "II Torneo Internazionale"]
[Site "Madonna di Campiglio - Pinzolo ITA"]
[Date "1974.01.10"]
[Round "3"]
[White "Micheli, Carlo"]
[Black "Sax, Gyula"]
[Result "0-1"]
[WhiteElo "2315"]
[BlackElo "2460"]
[PlyCount "80"]
[EventDate "1974.01.08"]

1. e4 c5 2. Nf3 g6 3. c3 Bg7 4. d4 cxd4 5. cxd4 d5 6. exd5 Nf6 7. Bc4 O-O 8.
O-O Nxd5 9. Qe2 Nb6 10. Bb3 Nc6 11. Rd1 Bg4 12. Be3 Na5 13. Bc2 Qd5 14. Nbd2
Bf5 15. Bxf5 Qxf5 16. b4 Nc6 17. b5 Nb4 18. Nb3 Rac8 19. Nc5 N6d5 20. Nh4 Qf6
21. Qg4 h5 22. Qh3 Nf4 23. Qf3 Qxh4 24. Bxf4 Nc2 25. Bg3 Qg5 26. h4 Qg4 27.
Qxg4 hxg4 28. Rab1 Nxd4 29. Nxb7 Ne2+ 30. Kf1 Nc3 31. Na5 Nxd1 32. Rxd1 Rfd8
33. Rb1 Rc2 34. Nc6 Rdd2 35. a4 f5 36. a5 f4 37. Bxf4 Rxf2+ 38. Kg1 Rxf4 39. b6
Rxc6 40. b7 Be5 0-1

[Event "II Torneo Internazionale"]
[Site "Madonna di Campiglio - Pinzolo ITA"]
[Date "1974.01.10"]
[Round "3"]
[White "Paoli, Enrico"]
[Black "Jansa, Vlastimil"]
[Result "1/2-1/2"]
[WhiteElo "2290"]
[BlackElo "2475"]
[PlyCount "147"]
[EventDate "1974.01.08"]

1. e4 c5 2. Nf3 e6 3. d4 cxd4 4. Nxd4 Nf6 5. Nc3 d6 6. Be2 Be7 7. Be3 Nc6 8.
O-O Bd7 9. f4 a6 10. Qe1 O-O 11. Qg3 Qc7 12. Rae1 b5 13. a3 Kh8 14. Nxc6 Bxc6
15. Bd4 Rad8 16. Bd3 Qb7 17. Qh3 b4 18. Nd5 exd5 19. exd5 Bb5 20. Bxf6 Bxd3 21.
Rxe7 Qb6+ 22. Rf2 Bxc2 23. Qe3 Qxe3 24. Rxe3 gxf6 25. Rxc2 Rc8 26. Rc6 Rxc6 27.
dxc6 Rc8 28. axb4 Rxc6 29. Rc3 Rb6 30. Rc4 Kg7 31. Kf1 Kg6 32. Ke1 Kf5 33. h3
Ke6 34. Kd2 d5 35. Rd4 h5 36. b3 Rb8 37. Kc3 Rc8+ 38. Kb2 Kd6 39. Rd2 Re8 40.
Kc3 Re3+ 41. Kc2 h4 42. Kb2 Kc6 43. Kc2 Re4 44. Kc3 Re3+ 45. Kc2 Rg3 46. Kb2 f5
47. Kc2 d4 48. Rxd4 Rxg2+ 49. Rd2 Rg1 50. Rd8 Rf1 51. Ra8 Rf2+ 52. Kc3 Rf3+ 53.
Kc2 Kb6 54. Rb8+ Kc6 55. Ra8 Kb7 56. Rf8 Rxf4 57. Rxf7+ Kc6 58. Ra7 Kb6 59. Rf7
Rf3 60. Rf8 f4 61. Rf5 Kc6 62. Ra5 Rxh3 63. Rxa6+ Kd5 64. Rh6 Kd4 65. b5 Rh2+
66. Kd1 f3 67. Ke1 Rb2 68. b6 Ke3 69. Re6+ Kf4 70. Rf6+ Kg4 71. Rg6+ Kf5 72.
Rh6 Kg5 73. Rh8 Rxb3 74. Kf2 1/2-1/2

[Event "II Torneo Internazionale"]
[Site "Madonna di Campiglio - Pinzolo ITA"]
[Date "1974.01.10"]
[Round "3"]
[White "Parma, Bruno"]
[Black "Tatai, Stefano"]
[Result "1/2-1/2"]
[WhiteElo "2500"]
[BlackElo "2430"]
[PlyCount "39"]
[EventDate "1974.01.08"]

1. e4 e6 2. d4 d5 3. Nd2 Nf6 4. e5 Nfd7 5. Bd3 c5 6. c3 Nc6 7. Ne2 cxd4 8. cxd4
f6 9. exf6 Nxf6 10. Nf3 Bd6 11. Bf4 Qa5+ 12. Qd2 Qxd2+ 13. Bxd2 O-O 14. O-O Bd7
15. a3 Rae8 16. Bc3 Ng4 17. Ng3 e5 18. dxe5 Ngxe5 19. Nxe5 Bxe5 20. Bxe5
1/2-1/2

[Event "II Torneo Internazionale"]
[Site "Madonna di Campiglio - Pinzolo ITA"]
[Date "1974.01.11"]
[Round "4"]
[White "Toth, Bela"]
[Black "Parma, Bruno"]
[Result "0-1"]
[WhiteElo "2390"]
[BlackElo "2500"]
[PlyCount "53"]
[EventDate "1974.01.08"]

1. d4 Nf6 2. c4 e6 3. Nc3 Bb4 4. Qc2 c5 5. dxc5 O-O 6. Bf4 Na6 7. Bd6 Re8 8. a3
Bxc3+ 9. Qxc3 Ne4 10. Qd4 Qa5+ 11. b4 Nxb4 12. axb4 Qxb4+ 13. Kd1 Qb3+ 14. Kc1
Nxf2 15. Nh3 Nxh1 16. Qd3 Qb4 17. Kc2 b5 18. cxb6 Qxb6 19. Ng5 f5 20. Qf3 Bb7
21. Qh5 Be4+ 22. Nxe4 Qd4 23. Nc3 Qxd6 24. Rd1 Qc6 25. Qf3 Qxc4 26. Rxd7 Rac8
27. Rxa7 0-1

[Event "II Torneo Internazionale"]
[Site "Madonna di Campiglio - Pinzolo ITA"]
[Date "1974.01.12"]
[Round "5"]
[White "Marovic, Drazen"]
[Black "Sax, Gyula"]
[Result "1/2-1/2"]
[WhiteElo "2480"]
[BlackElo "2460"]
[PlyCount "40"]
[EventDate "1974.01.08"]

1. d4 Nf6 2. c4 g6 3. g3 Bg7 4. Bg2 d5 5. cxd5 Nxd5 6. Nf3 O-O 7. O-O Nb6 8.
Nc3 Nc6 9. e3 Be6 10. b3 a5 11. Bb2 Nb4 12. Ne4 a4 13. Nc5 Bc8 14. Ne5 c6 15.
a3 Na6 16. Nxa4 Nxa4 17. bxa4 Bxe5 18. dxe5 Qxd1 19. Rfxd1 Nc5 20. Bd4 Nxa4
1/2-1/2

[Event "II Torneo Internazionale"]
[Site "Madonna di Campiglio - Pinzolo ITA"]
[Date "1974.01.12"]
[Round "5"]
[White "Micheli, Carlo"]
[Black "Tatai, Stefano"]
[Result "1-0"]
[WhiteElo "2315"]
[BlackElo "2430"]
[PlyCount "103"]
[EventDate "1974.01.08"]

1. e4 c5 2. Nf3 d6 3. d4 cxd4 4. Nxd4 Nf6 5. Nc3 a6 6. Bg5 e6 7. f4 Nbd7 8. Qe2
Qc7 9. O-O-O b5 10. g4 Bb7 11. a3 Be7 12. Rg1 Nb6 13. Bxf6 gxf6 14. f5 e5 15.
Nb3 Rc8 16. Rg3 Rg8 17. Kb1 Nc4 18. Nd2 Nb6 19. Rc1 Nd7 20. Na2 Nc5 21. c4 bxc4
22. Qxc4 Qd7 23. Qe2 Rb8 24. Ka1 a5 25. b4 axb4 26. axb4 Ba6 27. Nc4 Qb7 28.
Qc2 Bxc4 29. Bxc4 Nd7 30. Qb3 Rg7 31. Bd5 Qa7 32. Bc6 Kf8 33. Kb2 Nc5 34. Qa3
Qb6 35. Bd5 Qb5 36. Ka1 Nb7 37. Nc3 Qb6 38. Na4 Qd4+ 39. Qc3 Qa7 40. Qa3 Qd4+
41. Nb2 Nd8 42. Rc4 Qf2 43. h3 h5 44. Ka2 hxg4 45. hxg4 Rh7 46. g5 fxg5 47. Rf3
Qh4 48. f6 Bxf6 49. Rxf6 g4 50. Rf1 g3 51. Qa7 Rb5 52. Rc8 1-0

[Event "II Torneo Internazionale"]
[Site "Madonna di Campiglio - Pinzolo ITA"]
[Date "1974.01.12"]
[Round "5"]
[White "Paoli, Enrico"]
[Black "Toth, Bela"]
[Result "1-0"]
[WhiteElo "2290"]
[BlackElo "2390"]
[PlyCount "121"]
[EventDate "1974.01.08"]

1. e4 e5 2. Nf3 Nf6 3. Nxe5 d6 4. Nf3 Nxe4 5. d4 d5 6. Bd3 Be7 7. O-O Nc6 8.
Nbd2 Nf6 9. c3 O-O 10. Re1 Re8 11. Nf1 Bd6 12. Bg5 Rxe1 13. Qxe1 Be6 14. Ne5 h6
15. Bh4 Qe7 16. f4 Nb8 17. Ne3 c6 18. f5 Bc8 19. N3g4 Nbd7 20. Kh1 Qf8 21. Bxf6
Nxf6 22. Nxf6+ gxf6 23. Ng4 Qg7 24. Qh4 Be7 25. Nxh6+ Kf8 26. Qh5 Bd7 27. Re1
Re8 28. Ng4 Bd6 29. Rxe8+ Kxe8 30. Qh4 Ke7 31. Ne5 Bc8 32. Nf3 b6 33. Kg1 Bb7
34. Kf2 Kd7 35. a3 Kc7 36. g3 Bc8 37. h3 Bd7 38. Nh2 c5 39. Ng4 c4 40. Bc2 Be7
41. Ne3 Bc6 42. Bd1 Qg5 43. Qg4 b5 44. h4 Qxg4 45. Nxg4 Kd7 46. Bf3 a5 47. h5
b4 48. h6 bxa3 49. bxa3 Bf8 50. Nxf6+ Kd6 51. Ng4 Bd7 52. f6 Bf5 53. Ne5 Ke6
54. g4 Bh7 55. g5 Bxa3 56. Bg4+ Kd6 57. Nxf7+ Kc7 58. Ne5 Bf8 59. g6 Bxg6 60.
Nxg6 Bxh6 61. Bd1 1-0

[Event "II Torneo Internazionale"]
[Site "Madonna di Campiglio - Pinzolo ITA"]
[Date "1974.01.12"]
[Round "5"]
[White "Parma, Bruno"]
[Black "Hort, Vlastimil"]
[Result "1/2-1/2"]
[WhiteElo "2500"]
[BlackElo "2590"]
[PlyCount "25"]
[EventDate "1974.01.08"]

1. e4 e6 2. d4 d5 3. Nd2 c5 4. exd5 exd5 5. Ngf3 Nf6 6. Bb5+ Bd7 7. Qe2+ Qe7 8.
Bxd7+ Nbxd7 9. Qxe7+ Bxe7 10. dxc5 Nxc5 11. Nb3 Na4 12. Nbd4 O-O 13. O-O
1/2-1/2

[Event "II Torneo Internazionale"]
[Site "Madonna di Campiglio - Pinzolo ITA"]
[Date "1974.01.13"]
[Round "6"]
[White "Hort, Vlastimil"]
[Black "Paoli, Enrico"]
[Result "1-0"]
[WhiteElo "2590"]
[BlackElo "2290"]
[PlyCount "85"]
[EventDate "1974.01.08"]

1. c4 c5 2. Nc3 Nc6 3. g3 g6 4. Bg2 Bg7 5. d3 d6 6. Bd2 Bd7 7. a3 Nf6 8. Nh3
O-O 9. Nf4 Rb8 10. O-O a6 11. a4 e6 12. e3 Qc7 13. Qe2 Nb4 14. Rfc1 Bc6 15. e4
Nd7 16. Nd1 a5 17. Nc3 Rbe8 18. Be3 Qb8 19. Rd1 b6 20. Rd2 Bb7 21. Nb5 Nc6 22.
Re1 Nd4 23. Qd1 Nxb5 24. axb5 Nf6 25. h3 e5 26. Ne2 Kh8 27. Nc3 Qd8 28. Kh2 Ng8
29. f4 Bh6 30. Rf2 f6 31. Ref1 Rf7 32. b3 Ref8 33. Bc1 Qe7 34. Bb2 Ba8 35. h4
exf4 36. gxf4 Bg7 37. f5 gxf5 38. exf5 Bxg2 39. Rxg2 Qe5+ 40. Kh1 Qd4 41. Ne4
Qe3 42. Rg3 Qh6 43. Qg4 1-0

[Event "II Torneo Internazionale"]
[Site "Madonna di Campiglio - Pinzolo ITA"]
[Date "1974.01.13"]
[Round "6"]
[White "Jansa, Vlastimil"]
[Black "Marovic, Drazen"]
[Result "1-0"]
[WhiteElo "2475"]
[BlackElo "2480"]
[PlyCount "41"]
[EventDate "1974.01.08"]

1. e4 e6 2. d4 d5 3. Nd2 b6 4. Ngf3 Nf6 5. Bd3 dxe4 6. Nxe4 Bb7 7. Qe2 Be7 8.
Bf4 Nbd7 9. O-O-O Nd5 10. Bd2 Nb4 11. Bxb4 Bxb4 12. Ne5 O-O 13. Nxd7 Qxd7 14.
Nf6+ gxf6 15. Bxh7+ Kh8 16. Qh5 Kg7 17. Qg4+ Kh8 18. d5 Rfd8 19. Rd3 Bxd5 20.
Bf5 Bxg2 21. Qxg2 1-0

[Event "II Torneo Internazionale"]
[Site "Madonna di Campiglio - Pinzolo ITA"]
[Date "1974.01.13"]
[Round "6"]
[White "Mednis, Edmar John"]
[Black "Parma, Bruno"]
[Result "1/2-1/2"]
[WhiteElo "2430"]
[BlackElo "2500"]
[PlyCount "37"]
[EventDate "1974.01.08"]

1. e4 c5 2. Nf3 Nc6 3. d4 cxd4 4. Nxd4 g6 5. c4 Nf6 6. Nc3 Nxd4 7. Qxd4 d6 8.
f3 Bg7 9. Be3 O-O 10. Qd2 Be6 11. Rc1 Qa5 12. Be2 Rfc8 13. b3 a6 14. Nd5 Qxd2+
15. Kxd2 Nxd5 16. cxd5 Bd7 17. Rxc8+ Rxc8 18. Rc1 Rxc1 19. Kxc1 1/2-1/2

[Event "II Torneo Internazionale"]
[Site "Madonna di Campiglio - Pinzolo ITA"]
[Date "1974.01.13"]
[Round "6"]
[White "Tatai, Stefano"]
[Black "Janosevic, Dragoljub"]
[Result "0-1"]
[WhiteElo "2430"]
[BlackElo "2415"]
[PlyCount "82"]
[EventDate "1974.01.08"]

1. e4 c5 2. Nf3 Nc6 3. d4 cxd4 4. Nxd4 Qc7 5. Nb5 Qb8 6. c4 Nf6 7. N5c3 e6 8.
f4 d6 9. Be3 Be7 10. Be2 O-O 11. O-O Rd8 12. Bf3 Bd7 13. Nd2 Be8 14. Kh1 Nd7
15. Nb3 Nc5 16. Nd4 a6 17. Rb1 Bf6 18. f5 Ne5 19. Be2 Qc8 20. b4 a5 21. fxe6
fxe6 22. Rxf6 gxf6 23. Nf5 exf5 24. Nd5 Kh8 25. bxc5 dxc5 26. Qe1 Ra6 27. Qg3
Ng6 28. h4 Qb8 29. Nf4 Bf7 30. exf5 Nxf4 31. Bxf4 Qc8 32. Bh6 Rg8 33. Qf3 Be8
34. Bd3 Rd6 35. Be4 Bc6 36. Bd5 Qd7 37. Rd1 b5 38. Bf4 Bxd5 39. cxd5 Re8 40.
Bxd6 Qxd6 41. Qh5 Re4 0-1

[Event "II Torneo Internazionale"]
[Site "Madonna di Campiglio - Pinzolo ITA"]
[Date "1974.01.13"]
[Round "6"]
[White "Toth, Bela"]
[Black "Micheli, Carlo"]
[Result "1-0"]
[WhiteElo "2390"]
[BlackElo "2315"]
[PlyCount "79"]
[EventDate "1974.01.08"]

1. d4 g6 2. g3 Bg7 3. Bg2 Nf6 4. Nf3 O-O 5. O-O d6 6. c4 c6 7. Nc3 Qa5 8. h3
Bf5 9. Nd2 e5 10. d5 c5 11. e4 Bd7 12. Re1 Na6 13. Nb3 Qd8 14. Bg5 h6 15. Be3
Nc7 16. a4 b6 17. Qd2 Kh7 18. Kh2 Ng8 19. Nc1 h5 20. Nd3 Ne8 21. Rf1 f5 22. f4
h4 23. gxh4 exf4 24. Bxf4 Qxh4 25. e5 dxe5 26. Nxe5 g5 27. Nxd7 gxf4 28. Rxf4
Qh6 29. Qf2 Nef6 30. Nxf8+ Rxf8 31. Rh4 Nh5 32. Re1 Qg5 33. Bf3 Bd4 34. Rg1
Qxg1+ 35. Kxg1 Bxf2+ 36. Kxf2 Kg6 37. Ne2 Ng7 38. Rh8 f4 39. Be4+ Kf6 40. Bh7
1-0

[Event "II Torneo Internazionale"]
[Site "Madonna di Campiglio - Pinzolo ITA"]
[Date "1974.01.14"]
[Round "7"]
[White "Janosevic, Dragoljub"]
[Black "Toth, Bela"]
[Result "1-0"]
[WhiteElo "2415"]
[BlackElo "2390"]
[PlyCount "47"]
[EventDate "1974.01.08"]

1. e4 e5 2. Nf3 Nf6 3. d4 Nxe4 4. Bd3 d5 5. Nxe5 Bd6 6. O-O O-O 7. c4 Bxe5 8.
dxe5 Nc6 9. f4 Bf5 10. Nc3 Nb4 11. Bb1 Qe7 12. cxd5 Qc5+ 13. Kh1 Nxc3 14. bxc3
Qxc3 15. Bb2 Qxb2 16. Bxf5 Rad8 17. Rb1 Qc3 18. Rb3 Qc4 19. Qb1 Nxd5 20. Bxh7+
Kh8 21. Rh3 g6 22. Bxg6+ Kg8 23. Bd3 Qa4 24. Bb5 1-0

[Event "II Torneo Internazionale"]
[Site "Madonna di Campiglio - Pinzolo ITA"]
[Date "1974.01.14"]
[Round "7"]
[White "Marovic, Drazen"]
[Black "Tatai, Stefano"]
[Result "1/2-1/2"]
[WhiteElo "2480"]
[BlackElo "2430"]
[PlyCount "76"]
[EventDate "1974.01.08"]

1. d4 Nf6 2. c4 e6 3. Nc3 c5 4. d5 exd5 5. cxd5 d6 6. Nf3 g6 7. g3 Bg7 8. Bg2
O-O 9. O-O Qe7 10. Nd2 b6 11. h3 Nbd7 12. a4 Ba6 13. Ra3 Ne8 14. Re1 Nc7 15. f4
Rae8 16. Nf3 f5 17. Ng5 Bc4 18. e4 h6 19. Ne6 Nxe6 20. exf5 gxf5 21. Rxe6 Bd4+
22. Kh2 Qg7 23. Rxd6 Nf6 24. Nb5 Be2 25. Qc2 Bxb5 26. axb5 Re1 27. Bd2 Re2 28.
Qd3 Rfe8 29. Re6 R8xe6 30. dxe6 Ng4+ 31. hxg4 Qxg4 32. Qf3 Qxf3 33. Rxf3 Rxd2
34. Ra3 Kg7 35. Rxa7+ Kf6 36. Rb7 c4 37. Rc7 Bc5 38. e7 Re2 1/2-1/2

[Event "II Torneo Internazionale"]
[Site "Madonna di Campiglio - Pinzolo ITA"]
[Date "1974.01.14"]
[Round "7"]
[White "Paoli, Enrico"]
[Black "Mednis, Edmar John"]
[Result "1-0"]
[WhiteElo "2290"]
[BlackElo "2430"]
[PlyCount "111"]
[EventDate "1974.01.08"]

1. e4 d6 2. d4 Nf6 3. Nc3 g6 4. Nf3 Bg7 5. h3 O-O 6. Be2 Nc6 7. Bg5 h6 8. Be3
a6 9. Qd2 Kh7 10. d5 Nb8 11. g4 b5 12. Bd3 Rh8 13. g5 hxg5 14. Nxg5+ Kg8 15.
O-O-O c5 16. dxc6 Nxc6 17. f4 Bd7 18. Qg2 Rc8 19. Rhg1 Qe8 20. Kb1 Nh7 21. f5
Ne5 22. Nd5 Nf8 23. Nf3 Nxd3 24. Rxd3 Bc6 25. Bd4 Bxd5 26. exd5 Rh6 27. Bxg7
Kxg7 28. Nd4 Kh7 29. Rg3 Rc4 30. fxg6+ Rxg6 31. Qe4 Nd7 32. Qh4+ Kg8 33. Qh6
Ne5 34. Nf5 Qf8 35. Qh5 Rf4 36. a3 a5 37. Ka2 b4 38. Nh4 Rff6 39. Nxg6 fxg6 40.
Qe2 Kh7 41. h4 Rf2 42. Qd1 bxa3 43. Rxa3 Qf5 44. Rc3 Rf4 45. Rc7 Qf6 46. h5 g5
47. Qd2 Nf3 48. Qd3+ Kh6 49. Rxe7 Ra4+ 50. Kb1 Nd2+ 51. Kc1 Nb3+ 52. cxb3 Ra1+
53. Kc2 Qf2+ 54. Kc3 Qf6+ 55. Kc4 Qf4+ 56. Re4 1-0

[Event "II Torneo Internazionale"]
[Site "Madonna di Campiglio - Pinzolo ITA"]
[Date "1974.01.14"]
[Round "7"]
[White "Sax, Gyula"]
[Black "Jansa, Vlastimil"]
[Result "0-1"]
[WhiteElo "2460"]
[BlackElo "2475"]
[PlyCount "83"]
[EventDate "1974.01.08"]

1. e4 c5 2. Nf3 e6 3. d3 Nc6 4. g3 g6 5. Bg2 Bg7 6. O-O Nge7 7. c3 e5 8. Be3 d6
9. a4 O-O 10. Nfd2 b6 11. Nc4 Be6 12. f4 exf4 13. Bxf4 d5 14. exd5 Nxd5 15. Bd6
Re8 16. Qf3 Rc8 17. Nbd2 Ne3 18. Qxe3 Bxc4 19. Ne4 Bb3 20. Qf4 f5 21. Ra3 fxe4
22. Rxb3 g5 23. Qf7+ Kh8 24. Bxc5 bxc5 25. Rb7 Re7 26. Rxe7 Nxe7 27. Bxe4 Qd6
28. Qh5 h6 29. Rf7 Rb8 30. Rf2 Qe6 31. Re2 Rf8 32. Bf3 Qf6 33. Kg2 Ng6 34. d4
cxd4 35. cxd4 Ne7 36. Qg4 Nf5 37. d5 Nd4 38. Rf2 Nxf3 39. Rxf3 Qxb2+ 40. Kh3
Rxf3 41. Qxf3 Qf6 42. Qe4 0-1

[Event "II Torneo Internazionale"]
[Site "Madonna di Campiglio - Pinzolo ITA"]
[Date "1974.01.15"]
[Round "8"]
[White "Mednis, Edmar John"]
[Black "Micheli, Carlo"]
[Result "1-0"]
[WhiteElo "2430"]
[BlackElo "2315"]
[PlyCount "81"]
[EventDate "1974.01.08"]

1. e4 c5 2. Nf3 d6 3. d4 cxd4 4. Nxd4 Nf6 5. Nc3 a6 6. f4 Nbd7 7. Bd3 g6 8. Nf3
Qc7 9. O-O Bg7 10. Qe1 e5 11. Kh1 b5 12. fxe5 dxe5 13. Bd2 Bb7 14. b4 O-O 15.
a4 bxa4 16. Rxa4 Nb6 17. Ra5 Nh5 18. Qa1 Nf4 19. Bxa6 Nc4 20. Bxb7 Qxb7 21. Ra4
g5 22. Bc1 h6 23. Qa2 Nd6 24. Re1 Rac8 25. Bxf4 exf4 26. Nd5 Rfe8 27. Ra7 Rxc2
28. Qxc2 Qxa7 29. Qc6 Re6 30. e5 Ne8 31. Qc3 Qf2 32. b5 g4 33. Ng1 f3 34. gxf3
g3 35. hxg3 Qxg3 36. f4 Qh4+ 37. Nh3 Nd6 38. b6 Re8 39. Rg1 Ne4 40. Qf3 Kh8 41.
Kh2 1-0

[Event "II Torneo Internazionale"]
[Site "Madonna di Campiglio - Pinzolo ITA"]
[Date "1974.01.15"]
[Round "8"]
[White "Parma, Bruno"]
[Black "Paoli, Enrico"]
[Result "1-0"]
[WhiteElo "2500"]
[BlackElo "2290"]
[PlyCount "69"]
[EventDate "1974.01.08"]

1. e4 e5 2. Nf3 Nf6 3. Nxe5 d6 4. Nf3 Nxe4 5. d4 d5 6. Bd3 Be7 7. h3 O-O 8. O-O
Nc6 9. Re1 Nd6 10. c3 Bf5 11. Bf4 Bxd3 12. Qxd3 Qd7 13. Nbd2 Rae8 14. Nf1 Bf6
15. Ne3 Nc8 16. Re2 g6 17. Rae1 Bg7 18. Ng4 f6 19. Rxe8 Rxe8 20. Rxe8+ Qxe8 21.
Bxc7 Qd7 22. Bf4 N8e7 23. b3 a6 24. Ne1 Kf7 25. Nc2 b5 26. Bc1 f5 27. Nh2 Qc7
28. Nf3 h6 29. Bd2 Nc8 30. c4 N6e7 31. cxb5 axb5 32. Nb4 Qb7 33. Bf4 g5 34. Be5
Bf8 35. Qc2 $139 1-0